000 00476nam a2200181Ia 4500
008 090124s9999 xx 000 0 und d
082 _b10758
_a2547
100 _aमिरासदार द.मा.
245 _a ताजवा
250 _a1
260 _c1959
300 _a156
600 _aमिरासदार द.मा.
630 _a ताजवा
700 _aमिरासदार द.मा.
730 _a ताजवा
942 _cBOOK
999 _c124902
_d124902